Statistics for All Capital Cities North of New York City

Click here to take the quiz!

General Stats

  • This quiz has been taken 21 times
  • The average score is 38 of 47

Answer Stats

Latitude (N)City% Correct
52.37Amsterdam
95%
50.85Brussels
95%
60.17Helsinki
95%
51.5London
95%
55.75Moscow
95%
59.95Oslo
95%
45.42Ottawa
95%
48.85Paris
95%
52.52Berlin
89%
47.47Budapest
89%
55.67Copenhagen
89%
53.33Dublin
89%
50.45Kiev
89%
53.9Minsk
89%
50.08Prague
89%
64.13Reykjavik
89%
56.93Riga
89%
59.32Stockholm
89%
59.43Tallinn
89%
48.2Vienna
89%
48.13Bratislava
84%
44.42Bucharest
84%
49.6Luxembourg
84%
41.9Rome
84%
52.23Warsaw
84%
45.82Zagreb
84%
44.82Belgrade
79%
46.95Bern
79%
47Chisinau
79%
43.87Sarajevo
79%
42.7Sofia
79%
41.9Vatican City
79%
54.68Vilnius
79%
51.17Astana
74%
46.05Ljubljana
74%
43.93San Marino
74%
41.32Tirana
74%
47.92Ulan Bator
74%
47.13Vaduz
74%
43.72Monaco
68%
42.67Pristina
68%
42Skopje
68%
42.5Andorra La Vella
63%
42.43Podgorica
63%
41.72Tbilisi
63%
42.87Bishkek
58%
41.27Tashkent
58%

Score Distribution

Percentile by Number Answered

Percent of People with Each Score

Your Score History

You have not taken this quiz